000
00243nam a2200109Ia 4500
008
190914s9999||||xx |||||||||||||| ||und||
100
_a
Bovee Thill
245
0
_a
Management
260
_a
New Delhi
_b
Addison
_c
2005
300
_a
436
942
_c
BK
999
_c
9332
_d
9332